| 000 | 03275cgm a2200721Ia 4500 | ||
|---|---|---|---|
| 001 | 83550 | ||
| 005 | 20230410123857.0 | ||
| 007 | vd bvaizm | ||
| 008 | 051123s2006 nyu150 g vljpn d | ||
| 035 | _a(OCoLC)ocm62333064 | ||
| 040 |
_aTEFMT _cTEFMT _dRCS _dLEO _dBTCTA _dOCLCA _dLNQ _dWAU _dOCLCA _dOCLCQ _dJED _dGK8 _dCQU |
||
| 066 | _c$1 | ||
| 019 | _a80145492 | ||
| 020 | _a0780030087 | ||
| 020 | _a9780780030084 | ||
| 024 | 1 | 0 | _a037429207529 |
| 028 | 4 | 2 |
_aBAD040 _bCriterion |
| 029 | 1 |
_aAU@ _b000041044682 |
|
| 035 |
_a(OCoLC)62333064 _z(OCoLC)80145492 |
||
| 037 |
_bMidwest Tapes _nhttp://www.midwesttapes.com |
||
| 041 | 1 |
_ajpn _beng |
|
| 043 | _aa-ja--- | ||
| 044 |
_anyu _aja |
||
| 050 | 1 | 4 | _aCM DVD 01213 |
| 082 | 0 | 4 |
_a791.43/72 _222 |
| 049 | _aGRAL | ||
| 245 | 0 | 0 |
_aWarui yatsu hodo yoku nemuru _h[videorecording] / _cTåohåo, Kurosawa Purodakushon sakuhin ; seisaku Tanaka Tomoyuki, Kurosawa Akira ; kyakuhon Oguni Hideo ... [et al.] ; kantoku Kurosawa Akira. |
| 246 | 1 |
_iTitle on disc label: _aBad sleep well |
|
| 260 |
_aNew York : _bCriterion Collection, _c[2006] |
||
| 300 |
_a1 videodisc (ca. 150 min.) : _bsd., b&w ; _c4 3/4 in. + _e1 booklet ([14] p. ; 18 cm.) |
||
| 490 | 1 |
_aThe Criterion collection ; _v319 |
|
| 538 | _aDVD, NTSC, region 1, widescreen (2.35:1) presentation; Dolby Digital mono, NTSC. | ||
| 546 | _aJapanese dialogue, with optional English subtitles. | ||
| 511 | 1 | _aMifune Toshiråo, Mori Masayuki, Kagawa Kyåoko, Mihashi Tatsuya, Shimura Takashi, Nishimura Akira, Katåo Takeshi, Fujiwara Kamatari, Sugai Kin, Ryåu Chishåu, Miyaguchi Seiji, Mitsui Kåoji, Sada Yutaka. | |
| 508 | _aCinematography, Aizawa Yuzuru ; art director, Muraki Yoshiråo ; music, Satåo Masaru. | ||
| 500 | _aOriginally produced as a motion picture in 1960. | ||
| 500 | _aSpecial features: a 33-minute documentary on the making of "The bad sleep well"; original theatrical trailer; in booklet: new essays by film critic Chuck Stephens and director Michael Almereyda. | ||
| 520 | _aA young executive hunts down his father's killer. A tale about corruption in the boardrooms of postwar corporate Japan as seen through the rising executive eyes. | ||
| 650 | 0 |
_aMurder _xInvestigation _zJapan _vDrama. |
|
| 650 | 0 |
_aCorporations _xCorrupt practices _zJapan _vDrama. |
|
| 650 | 4 | _aCine Japonés (inglés) | |
| 655 | 0 | _aFeature films. | |
| 655 | 0 | _aFiction films. | |
| 655 | 0 | _aForeign films. | |
| 655 | 0 | _aThrillers (Motion pictures) | |
| 655 | 7 |
_aThriller _vFeature. _2migfg |
|
| 700 | 1 |
_aKurosawa, Akira, _d1910-1998. _4pro _4drt |
|
| 700 | 1 |
_aOguni, Hideo, _d1904-1996. _4aus |
|
| 700 | 1 |
_aTanaka, Tomoyuki, _d1910-1997. _4pro |
|
| 700 | 1 |
_aMifune, Toshiråo, _d1920-1997. _4act |
|
| 700 | 1 |
_aMori, Masayuki, _d1911-1973. _4act |
|
| 700 | 1 |
_aKagawa, Kyåoko. _4act |
|
| 700 | 1 |
_aSatåo, Masaru. _4cmp |
|
| 710 | 2 | _aTåohåo Kabushiki Kaisha. | |
| 710 | 2 | _aKurosawa Purodakushon. | |
| 710 | 2 | _aCriterion Collection (Firm) | |
| 710 | 2 | _aImage Entertainment (Firm) | |
| 830 | 0 |
_aCriterion collection (DVD videodiscs) ; _v319. |
|
| 856 | 4 | 2 |
_uhttp://www.mrqe.com/lookup?bad+sleep+well _zConnect to reviews of this title online |
| 938 |
_aBaker and Taylor _bBTCP _nbe2005026156 |
||
| 942 |
_2lcc _cdvd |
||
| 994 |
_aC0 _bDRFGD |
||
| 999 |
_c67622 _d67622 |
||